00804nam a22002177a 4500003000900000005001700009008002700026020001800053040003000071082002800101100003400129245008700163260005100250300002600301490006600327650003800393650003900431650003500470650002100505700006000526DO-SdBPM20250305124812.0161027b2010 p 00| 0 spa d a9786124026669 aDO-SdBPMbspacBPMSUerda 4a808.83bC298pe 20102221 aSoria Carpio, Flor d1962-c 10aMis rimacuentos : b Peter Pan /c J. M. Barrie ; adaptación Flor Soria Carpio  aLima, Perú : bEditorial Didáctica, c2010 a6 p. : bil. ;c21 cm0 aMis rimacuentos ;aCuentos clásicos en divertidas rimas v  4aCuentos infantiles vColecciones  4aCuentos infantiles vAdaptaciones  4aLibros ilustrados para niños 4aRimas vCuentos 1 aBarrie, J. M. (James Matthew), d1860-1937 tPeter Pan